Gestionar el conocimiento: estrategias de enseñanza y aprendizaje (Registro nro. 2182)

Detalles MARC
000 -Cabecera
Campo de control de longitud fija 00855aam a2200325 4500
005 - Fecha y hora de la última transacción
Campo de control 20260422175042.0
008 - Elementos de longitud fija--Información general
Campo de control de longitud fija 150521b2003 xxu||||| |||| 00| 0 spa d
020 ## - International Standard Book Number
Número Internacional Estándar del Libro (ISBN) 9508083204
041 ## - Idioma
Código de idioma Español
082 ## - Clasificación Decimal Dewey
Número de clasificación 371.102 G124g
100 ## - Entrada principal--Autor personal
Nombre personal Gadino, Alfredo
9 (RLIN) 18791
245 ## - Título propiamente dicho
Título Gestionar el conocimiento: estrategias de enseñanza y aprendizaje
260 ## - Pie de imprenta
Lugar de publicación, distribución, etc. Argentina
260 ## - Pie de imprenta
Nombre del editor, distribuidor, etc. Homosapiens
260 ## - Pie de imprenta
Fecha de publicación, distribución, etc. 2003
300 ## - Descripción física
Extensión 122 páginas
490 ## - Serie
Título de la Serie Temática General
650 ## - Materia general
Temática (materia general) ENSEÑANZA
650 ## - Materia general
Temática (materia general) ESTRATEGIAS DE ENSEÑANZA
650 ## - Materia general
Temática (materia general) CONOCIMIENTO
650 ## - Materia general
Temática (materia general) INTERSECCIÓN
650 ## - Materia general
Temática (materia general) PENSAMIENTO
650 ## - Materia general
Temática (materia general) ACCIÓN
650 ## - Materia general
Temática (materia general) DESEQUILIBRIO
650 ## - Materia general
Temática (materia general) ALTERNATIVAS DE SOLUCIÓN
650 ## - Materia general
Temática (materia general) TOMA DE DESICIÓN
650 ## - Materia general
Temática (materia general) ESTRATEGIAS POR ÁREAS
650 ## - Materia general
Temática (materia general) PROCESOS MENTALES
942 ## - Punto de acceso adicional KOHA
Tipo de ítem KOHA Libro
Fuente del sistema de clasificación o colocación Dewey Decimal Classification
Existencias
Signatura completa Código de barras Programa Académico Tipo de ítem
371.102 G124g 15164 Temática General Libro